Sports Quiz

Random Sports Quiz

2000's Elite Eight Teams Quiz Stats

 Plays Quiz not verified by Sporcle

Support Sporcle.
Go Orange.
Score 0/88 Timer 08:00
0 Plays Today
Year Team % Correct
2000North Carolina
98.4%
2009North Carolina
98.4%
2001Duke
97.9%
2002Kansas
97.9%
2003Kansas
97.9%
2004Duke
97.9%
2004Kansas
97.9%
2007Kansas
97.9%
2008Kansas
97.9%
2010Duke
97.9%
2000Michigan State
96.8%
2001Michigan State
96.8%
2003Michigan State
96.8%
2005Michigan State
96.8%
2009Michigan State
96.8%
2010Michigan State
96.8%
2000Florida
96.3%
2006Florida
96.3%
2007Florida
96.3%
2003Texas
95.7%
2006Texas
95.7%
2008Texas
95.7%
2003Syracuse
94.7%
2007Ohio State
94.1%
2006UCLA
93.1%
2007UCLA
93.1%
2008UCLA
93.1%
2003Kentucky
91.5%
2005Kentucky
91.5%
2010Kentucky
91.5%
Year Team % Correct
2002Connecticut
91%
2004Connecticut
91%
2006Connecticut
91%
2009Oklahoma
90.4%
2002Oklahoma
90.4%
2003Oklahoma
90.4%
2007Georgetown
89.9%
2001Arizona
87.8%
2003Arizona
87.8%
2005Arizona
87.8%
2002Indiana
86.2%
2004Georgia Tech
86.2%
2009Pittsburgh
86.2%
2010Butler
86.2%
2002Maryland
85.6%
2010Kansas State
85.6%
2005Louisville
85.1%
2008Louisville
85.1%
2009Louisville
85.1%
2001Illinois
84.6%
2005Illinois
84.6%
2009Connecticut
84%
2006Villanova
83.5%
2009Villanova
83.5%
2001Southern California
83%
2006George Mason
83%
2000Wisconsin
82.4%
2005Wisconsin
82.4%
2006LSU
82.4%
2000Oklahoma State
81.9%
Year Team % Correct
2004Oklahoma State
81.9%
2005West Virginia
81.9%
2010West Virginia
81.9%
2001Maryland
80.3%
2010Tennessee
79.3%
2006Memphis
78.7%
2007Memphis
78.7%
2008Memphis
78.7%
2005North Carolina
76.6%
2007North Carolina
76.6%
2008North Carolina
76.6%
2002Oregon
75%
2007Oregon
75%
2000Purdue
73.9%
2001Stanford
73.9%
2003Marquette
73.4%
2010Baylor
71.8%
2004Alabama
70.2%
2002Missouri
68.1%
2009Missouri
68.1%
2004Xavier
65.4%
2008Xavier
65.4%
2000Iowa State
64.4%
2001Temple
58%
2008Davidson
50.5%
2004Saint Joseph's
42%
2002Kent State
37.8%
2000Tulsa
31.4%

You're not logged in!

Compare scores with friends on all Sporcle quizzes.
OR
Log In

From the Vault

Just 3 Words: TV Shows II

by lolshortee

Binge, Binge, and Binge would apply to almost all of these.
Remove Ads.
Support Sporcle.
Get the best of Sporcle when you Go Orange. This ad-free experience offers more features, more stats, and more fun while also helping to support Sporcle. Thank you for becoming a member.

Show Comments

Extras

Created Mar 13, 2011SourceReportNominate
Tags:2000, eight, elite, Elite Eight, team

Top Quizzes Today


Score Distribution

Your Account Isn't Verified!

In order to create a playlist on Sporcle, you need to verify the email address you used during registration. Go to your Sporcle Settings to finish the process.

Report this User

Report this user for behavior that violates our Community Guidelines.

Details: